Nombra los 10 ríos más largos del mundo - Sudden Death - Estadísticas

Estadísticas generales
  • Esta prueba ha sido intentada 55 veces
  • La puntuación promedio es 4 de 10
Answers on the Grid
Answers color-coded by a green-red scale on the quiz's grid according to % correct below.
Amazonas
Nilo
Rin
Yangtsé
Bermejo
Misisipi
Yeniséi
Rio Amarillo
Obi
Danubio
Mekong
Amur
Volga
Congo
 
Estadísticas de respuestas
Respuesta % Correcto
Nilo
100%
Amazonas
95%
Misisipi
54%
Yangtsé
44%
Mekong
37%
Rio Amarillo
37%
Volga
37%
Amur
12%
Obi
12%
Yeniséi
7%
No se encontraron pruebas coincidentes
Distribución de puntuación
Porcentaje de gente con cada puntuación
Porcentaje por número respondido
Historial de tus puntuaciones
No has intentado esta prueba.